Normal view
MARC view
Entry Personal Name
001 - CONTROL NUMBER
- control field: 5708
003 - CONTROL NUMBER IDENTIFIER
- control field: HDC
005 - DATE AND TIME OF LATEST TRANSACTION
- control field: 20230624073219.0
008 - FIXED-LENGTH DATA ELEMENTS
- fixed length control field: 210120|| aca||aabn | a|a d
040 ## - CATALOGING SOURCE
- Original cataloging agency: HDC
- Transcribing agency: HDC
100 ## - HEADING--PERSONAL NAME
- Personal name: Hermanto, Sandra
670 ## - SOURCE DATA FOUND
- Source citation: Work cat.: (HDC): Hermanto, Sandra author, Differentiation of Bovine and Porcine Gelatin Based on Spectroscopic and Electrophoretic Analysis / by , 2013
